00835nam a2200217 a 4500001001000000003000500010005001700015008004100032010001100073011001100084020001800095040000900113082001900122100003000141245026300171260003800434300001000472650004100482650005200523700004200575000116170CHAP20220329144604.0190926s2018 mx |r| ||||||spa d a112631 a113603 a9786071204981 cCHAP04a304.28098bE8200aEstrada Martínez, Emma.10aAcciones en defensa de la bioculturalidad latinoamericana :bhistorias, noticias, experiencias y fuentes conceptuales desde la red latinoamericana por la defensa del patrimonio biocultural /cpor Emma Estrada Martínez y Álvaro René Sepúlveda Varón. aChapingo, Méx. :bUACH.,c2018. a57 P.14aEcología humanazAmérica Latina.14aMedio ambientexProtecciónzAmérica Latina.1 aSepúlveda Varón, Álvaro René.